Založení České Lípy a městské právo

Titel: Založení České Lípy a městské právo
Verfasser:
In: Bezděz, Band 11 (2002), Seite 5-30
alle Artikel anzeigen
Veröffentlicht: 2002
Format: Aufsatz
Sprache: Tschechisch
Kein Bild verfügbar
X
alg: 39298418
001A    $01999:11-11-16 
001B    $01999:06-04-21 $t20:52:56.000 
001C    $06050:19-11-16 $t22:31:02.000 
001D    $01999:11-11-16 
001U    $0utf8 
001X    $00 
002@    $0Aox 
003@    $0392984180 
007A    $0392984180 $aHEB 
007T    $0Herdp09277 
010@    $acze 
011@    $a2002 
021A    $aZaložení České Lípy a městské právo 
028A    $aPanáček $dJaroslav 
031A    $d11 $h5-30 $j2002 
037A    $aněm. res. 29-30: Die Gründung von Česká Lípa und das Stadtrecht 
039B    $aIn $8--Abvc--. Bezděz. - Česká Lípa, 1990-. - ISSN 1211-9172 $x200200000110000995 $905908720X 
045F    $a907.2094371 $eDDC23BSB 
045F/01 $a907.2 
045F/03 $g4371 
045T    $a7,41 

lok: 39298418 78

exp: 39298418 78 1 #EPN
201B/01 $002-07-21 $t00:06:33.000 
201U/01 $0utf8 
203@/01 $0789094495 
208@/01 $a11-11-16 $be 
209A/01 $a/ $f000 $x00 
220C/01 $aTitelaufnehmer: rb 
220C/01 $aHerkunft: Hú Av Čr Praha 
244Z/01 $#Tschechien $#Tschechische Republik $#Tschechische Republik $#Tschechenland $#Tschechei Tschechien $#Česká Republika $#Czech Republic $#ČR $74303381-7 $8--Tg1--Tschechien $x01 $9086659812 
244Z/01 $2Trx $#Böhmen $#Bohemia $#Czechy $8--Trx--Čechy $x02 $9391188941 
244Z/01 $7117945-7 $8--Tg1--Česká Lípa $x03 $9040686248 
244Z/01 $aGeschichte 1310-1381 $x04 
244Z/01 $2Trx $#Berka von Duba und Lípa $#Berka von Dauba und Leipa $#Berkové z Dubé $8--Trx--$PBerkové z Dubé a Lipé$lFamilie $x05 $939085557X 
244Z/01 $2Trx $#Heinrich von Leipa $#Lipé, Jindřich z $8--Trx--$PJindřich z Lipé$Z1270-1329 $x06 $9390908843 
244Z/01 $2Trx $#Berka von Duba und Lípa, Franz Anton $#Berka von Dauba, Franz Anton $8--Trx--Berka z Dubé a Lipé, Hynek$Z-1419 $x07 $9391096192 
244Z/01 $2Trx $#linnade asutamine $#miestų kūrimas $#founding of cities $#városalapítások $#lokacje miast i wsi $#vznik miest $#zakládání měst $#Lokationen $#zakładanie miejscowości $8--Trx--Stadtgründungen $x08 $9391373021 
244Z/01 $2Trx $#linnaõigus $#miestų teisė $#city law $#városjog $#prawa miejskie $#právo mestské $#právo městské $8--Trx--Stadtrecht $x09 $9391355015 
244Z/01 $2Trx $#seadus, Magdebrug $#teisė, Magdeburgo $#Law of Magdeburg $#jog, magdeburgi $#prawo magdeburskie $#právo magdeburské $#právo magdeburské $8--Trx--Recht, Magdeburger $x10 $9391358855 
244Z/01 $2Trx $8--Trx--Zeitschriftenaufsatz $x11 $9391384341 
245Z/01 $a13.03 $x01 
245Z/01 $a06.01 $x02 
247C/01 $82080>Marburg/Lahn, Herder-Institut, Forschungsbibliothek, Bibliographieportal $9336309341
LEADER 00000caa a22000002c 4500
001 392984180
003 DE-603
005 20210406205256.0
007 tu
008 161111s2002 xx |||| | u00||u|cze c
035 |a (DE-599)HEB392984180 
040 |a DE-603  |b ger  |c DE-603  |d DE-603 
041 |a cze 
082 0 4 |8 1\u  |a 907.2094371  |q DE-101  |2 23/BSB 
084 |a 7,41  |2 ssgn 
085 |8 1\u  |b 907.2 
085 |8 1\u  |z 2  |s 4371 
100 1 |a Panáček, Jaroslav 
245 0 0 |a Založení České Lípy a městské právo 
264 0 |c 2002 
500 |a něm. res. 29-30: Die Gründung von Česká Lípa und das Stadtrecht 
773 0 8 |i In  |t Bezděz  |d Česká Lípa, 1990-  |x 1211-9172  |g Band 11 (2002), Seite 5-30  |w (DE-603)05908720X  |w (DE-600)1136222-4 
924 0 |9 2080  |a (DE-603)789094495  |b DE-2080  |c HES  |d d  |g /